[Event "Veneto-ch qf 62nd"]
[Site "Arqua Petrarca"]
[Date "2002.05.05"]
[Round "2.9"]
[White "Chiumello, Roberto"]
[Black "Roberti, Ignazio"]
[Result "1-0"]
[WhiteElo "1600"]
[BlackElo "1769"]
[PlyCount "113"]
[EventDate "2002.05.04"]
[EventType "swiss"]
[EventRounds "6"]
[EventCountry "ITA"]
[SourceTitle "EXT 2024"]
[Source "ChessBase"]
[SourceDate "2023.10.10"]
[SourceVersion "1"]
[SourceVersionDate "2023.10.10"]
[SourceQuality "1"]

1. c4 Nf6 2. Nf3 e6 3. Nc3 b6 4. g3 Bb7 5. Bg2 Be7 6. d4 c6 7. e4 d5 8. e5 Nfd7 9. b3 Na6 10. cxd5 exd5 11. 0-0 Nc7 12. Re1 0-0 13. Re2 Ne6 14. Be3 Re8 15. Rc2 f6 16. Bh3 Ndf8 17. Ne2 c5 18. Nf4 Bc8 19. Bg2 cxd4 20. Nxd4 fxe5 21. Nc6 Qd6 22. Nxd5 Nd4 23. Ndxe7+ Kh8 24. Bxd4 exd4 25. Rac1 Bb7 26. Nf5 Qf6 27. Nfxd4 Rac8 28. Nxa7 Rxc2 29. Rxc2 Bxg2 30. Kxg2 Rd8 31. Nab5 Ne6 32. Nxe6 Re8 33. Qd7 Qg6 34. Qxg7+ Qxg7 35. Nxg7 Kxg7 36. Rc6 Re2 37. a4 Rb2 38. Nd4 b5 39. a5 b4 40. Rb6 Ra2 41. a6 Kg8 42. Nc6 Kf7 43. a7 Ke8 44. Rb8+ Kd7 45. a8Q Rxa8 46. Rxa8 Kxc6 47. Rb8 Kc5 48. Kf3 h6 49. Ke4 h5 50. f4 Kd6 51. f5 Ke7 52. Rb6 Kf7 53. Ke5 h4 54. Rb7+ Kg8 55. Kf6 hxg3 56. hxg3 Kh8 57. Kg6 1-0